ბათუმის შოთა რუსთაველის სახელმწიფო უნივერსიტეტის ბიბლიოთეკა

Боспор Киммерийский / (ბიბ.ჩანაწერი № 60788)

000 -LEADER
fixed length control field 00571nam a22001697a 4500
005 - DATE AND TIME OF LATEST TRANSACTION
control field 20231023104716.0
008 - FIXED-LENGTH DATA ELEMENTS--GENERAL INFORMATION
fixed length control field 231023s1983 ru ||||| |||| 00| 0 rus d
041 ## - LANGUAGE CODE
Language code of text/sound track or separate title rus
080 ## - UNIVERSAL DECIMAL CLASSIFICATION NUMBER
Universal Decimal Classification number 72+7 B-75
100 ## - MAIN ENTRY--PERSONAL NAME
Personal name Воронов А. А.
9 (RLIN) 20174
245 ## - TITLE STATEMENT
Title Боспор Киммерийский /
Statement of responsibility, etc. А. А. Воронов, М. Б. Михайлова.
264 ## - PRODUCTION, PUBLICATION, DISTRIBUTION, MANUFACTURE, AND COPYRIGHT NOTICE
Place of production, publication, distribution, manufacture Москва:
Name of producer, publisher, distributor, manufacturer Искусство,
Date of production, publication, distribution, manufacture, or copyright notice 1983.
300 ## - PHYSICAL DESCRIPTION
Extent 183 с.:
Other physical details ил.
653 ## - INDEX TERM--UNCONTROLLED
keyword კიმერიული ბოსფორი
710 ## - ADDED ENTRY--CORPORATE NAME
Corporate name or jurisdiction name as entry element Михайлова, М.Б.
9 (RLIN) 20175
942 ## - ADDED ENTRY ELEMENTS (KOHA)
Source of classification or shelving scheme
Koha item type წიგნი
ეგზემპლარები
Withdrawn status Lost status Source of classification or shelving scheme Damaged status Not for loan Permanent Location Current Location Shelving location Date acquired Cost, normal purchase price Full call number Barcode Date last seen Copy number Uniform Resource Identifier Price effective from Koha item type Public note
          ბათუმის შოთა რუსთაველის სახელმწიფო უნივერსიტეტის მთავარი ბიბლიოთეკა ბათუმის შოთა რუსთაველის სახელმწიფო უნივერსიტეტის მთავარი ბიბლიოთეკა წიგნსაცავი 2023-10-23 4.00 72+7 B-75 65369 2023-10-23 65369 ბსუ-ს საპატიო დოქტორის გურამ ლორთქიფანიძის საჩუქარი 2023-10-23 წიგნი 4 ლ.